Movies Quiz

Random Movies or Song Quiz
Score 0/11 Timer 10:00
0 Plays Today
Hint Answer % Correct
Jim Carrey in the 'Mask'Cuban Pete
66.7%
Steve Buscemi in 'Con air'He's got the whole world in His hands
66.7%
Kate Hudson in 'How to loose a guy in 10 days'You're so vain
50%
Bette Midler, Goldie Hawn and Diane Keaton in 'First wives club'You don't own me
50%
Reese Witherspoon in 'Just like Heaven'Tomorrow
33.3%
Cameron Diaz in 'My best friends wedding'I just don't know what to do with myself
33.3%
Hilary Swank in 'PS I love you'Gett off
33.3%
James Marsden and Katherine Heigl in '27 dresses'Bennie and the Jets
33.3%
Michael J. Fox in 'Back to the future' Johnny B Goode
33.3%
Ben Affleck in 'Armageddon'Leaving on a jet plane
33.3%
Heath Ledger in '10 things i hate about you'Can't take my eyes off of you
0%

You're not logged in!

Compare scores with friends on all Sporcle quizzes.
OR
Log In

Sporcle TV

Today on Sporcle TV


Watch our educational content, quiz creation guides, and fun videos on Sporcle TV.

Show Comments

Extras

Created Sep 20, 2019ReportNominate
Tags:Song Quiz, Character, Sing

Top Quizzes Today


Score Distribution

Paid Content

Your Account Isn't Verified!

In order to create a playlist on Sporcle, you need to verify the email address you used during registration. Go to your Sporcle Settings to finish the process.

Report this User

Report this user for behavior that violates our Community Guidelines.

Details: